Il Conte Di Montecristo Volume 2

Պահպանված է:
Մատենագիտական մանրամասներ
Հիմնական հեղինակ: Alexndre Dumas
Ձևաչափ: Գիրք
Լեզու:Undetermined
Հրապարակվել է: Corriere Della Sera
Ցուցիչներ: Ավելացրեք ցուցիչ
Չկան պիտակներ, Եղեք առաջինը, ով նշում է այս գրառումը!

MARC

LEADER 00000nam a2200000Ia 4500
001 R-2047
003 CODICE-MESSINA
005 20260212102526.0
008 260211s9999 xx 000 0 und d
040 |c importazione_messina 
100 |a Alexndre Dumas 
245 0 |a Il Conte Di Montecristo 
245 0 |b Volume 2 
260 |b Corriere Della Sera 
942 |2 ddc  |c BK 
952 |0 0  |1 0  |2 ddc  |4 0  |6 SCAFFALE_21_000000000000000__STANZA_2__ROMANZO  |7 0  |9 32888  |a ME  |b ME  |d 2026-02-11  |l 0  |o SCAFFALE 21 - STANZA 2 - ROMANZO  |p R-2047  |r 2026-02-11 23:53:27  |w 2026-02-11  |x [REVISIONARE]  |y BK 
999 |c 28555  |d 28555